书目信息 |
| 题名: |
《矛盾论》解说
|
|
| 作者: | 李达 著 | |
| 分册: | ||
| 出版信息: | 北京 三联书店 1978 |
|
| 页数: | 224页 | |
| 开本: | 19cm | |
| 丛书名: | ||
| 单 册: | ||
| 中图分类: | A841.23 | |
| 科图分类: | ||
| 主题词: | 毛泽东思想-哲学思想 , 哲学思想-毛泽东思想 , 毛泽东著作研究-矛盾论 | |
| 电子资源: | ||
| ISBN: | ||
| 000 | 00785nam0 2200277 45 | |
| 001 | 0178002705 | |
| 005 | 20060810162106.07 | |
| 010 | @dCNY0.45 | |
| 091 | @a2002.1 | |
| 100 | @a19950712d1978 em y0chiy0121 ea | |
| 101 | 0 | @achi |
| 102 | @aCN@b110000 | |
| 105 | @ay z 000yy | |
| 200 | 12 | @a《矛盾论》解说@Amao dun lun jie shuo@f李达著@Fli da zhu |
| 205 | @a2版 | |
| 210 | @a北京@c三联书店@d1978 | |
| 215 | @a224页@d19cm | |
| 517 | 1 | @a矛盾论解说@Amao dun lun jie shuo |
| 605 | @a矛盾论@x毛泽东著作研究 | |
| 606 | @a毛泽东思想-哲学思想 | |
| 606 | @a哲学思想-毛泽东思想 | |
| 606 | @a毛泽东著作研究-矛盾论 | |
| 690 | @aA841.23@v3 | |
| 701 | 0 | @a李达@Ali da@4著 |
| 801 | 0 | @aCN@bNLC@c20060810 |
| 905 | @f3@b65872-874@f1@b65878@f1@b65876@f1@b65880@f1@b65870@dA841.23@e3 | |
| 《矛盾论》解说/李达著.-2版.-北京:三联书店,1978 |
| 224页;19cm |
| ISBN :CNY0.45 |
| ● |
| 相关链接 |
|
|
|
|
正题名:《矛盾论》解说
索取号:A841.23/3
 
预约/预借
| 序号 | 登录号 | 条形码 | 馆藏地/架位号 | 状态 | 备注 |
| 1 | 0065861 | 001389456 | 第一借阅区/ [索取号:A841.23/3] | 在馆 | |
| 2 | 0065862 | 001389410 | 第一借阅区/ [索取号:A841.23/3] | 在馆 | |
| 3 | 0065863 | 202372066 | 密集书库/ [索取号:A841.23/3] | 在馆 | |
| 4 | 0065864 | 202372164 | 密集书库/ [索取号:A841.23/3] | 在馆 | |
| 5 | 0065865 | 202372075 | 密集书库/ [索取号:A841.23/3] | 在馆 | |
| 6 | 0065866 | 202199361 | 密集书库/ [索取号:A841.23/3] | 在馆 | |
| 7 | 0065868 | 001389438 | 第一借阅区/ [索取号:A841.23/3] | 在馆 | |
| 8 | 0065869 | 001389429 | 第一借阅区/ [索取号:A841.23/3] | 在馆 | |
| 9 | 0065870 | 001887435 | 密集书库/ [索取号:A841.23/3] | 在馆 | |
| 10 | 0065871 | 001389474 | 第一样本阅览室/ [索取号:A841.23/3] | 在馆 | |
| 11 | 0065872 | 001887426 | 密集书库/ [索取号:A841.23/3] | 在馆 | |
| 12 | 0065873 | 001887417 | 密集书库/ [索取号:A841.23/3] | 在馆 | |
| 13 | 0065874 | 001887408 | 密集书库/ [索取号:A841.23/3] | 在馆 | |
| 14 | 0065875 | 001389394 | 第一借阅区/ [索取号:A841.23/3] | 在馆 | |
| 15 | 0065876 | 001887462 | 密集书库/ [索取号:A841.23/3] | 在馆 | |
| 16 | 0065877 | 001389465 | 第一借阅区/ [索取号:A841.23/3] | 在馆 | |
| 17 | 0065878 | 001887453 | 密集书库/ [索取号:A841.23/3] | 在馆 | |
| 18 | 0065879 | 001389358 | 第一借阅区/ [索取号:A841.23/3] | 在馆 | |
| 19 | 0065880 | 001887444 | 密集书库/ [索取号:A841.23/3] | 在馆 | |
| 20 | 0447166 | 204471669 | 密集书库/ [索取号:A841.23/3] | 在馆 | |
| 21 | 0448493 | 204484931 | 密集书库/ [索取号:A841.23/3] | 在馆 |